000 00361nam a2200133Ia 4500
008 230411s9999 xx 000 0 und d
041 _aeng
082 _aCH/610.7343/COR/B07079
100 _aCorreia Cecy
245 _aCommunity Health Nursing Part1 and 2
260 _bVora Medical Publications
_aMumbai
_c2010
300 _a366p
999 _c157269
_d157269